Verlaine Lectures de Verlaine. Poèmes saturniens, Fêtes galantes, Romances sans paroles, sous la dir. de Steve Murphy, Rennes, PUR, 2007, 314 p. Fêtes galantes, Romances sans paroles, précédé de Poèmes saturniens de Paul Verlaine, Essai et dossier réalisés par Arnaud Bernadet, Paris, Gallimard, coll. « foliothèque », 2007, 272 p. Arnaud Bernadet, L’Exil et l’utopie. Politiques de Verlaine, Saint-Étienne, Publications de l’Université de Saint-Étienne, 2007, 251 p. Jean-Christophe Cavallin, Verlaine et son mètre, suivi de La Règle du jeu, essai de Vincent Vivès, Verona, Edizioni Fiorini, coll. « La musa critica », 2007, 406 p. (notice n° 1611483)

détails MARC
000 -LEADER
fixed length control field 01084cam a2200145 4500500
005 - DATE AND TIME OF LATEST TRANSACTION
control field 20260104144528.0
041 ## - LANGUAGE CODE
Language code of text/sound track or separate title fre
042 ## - AUTHENTICATION CODE
Authentication code dc
100 10 - MAIN ENTRY--PERSONAL NAME
Personal name Gardes Tamine, Joëlle
Relator term author
245 00 - TITLE STATEMENT
Title Verlaine Lectures de Verlaine. Poèmes saturniens, Fêtes galantes, Romances sans paroles, sous la dir. de Steve Murphy, Rennes, PUR, 2007, 314 p. Fêtes galantes, Romances sans paroles, précédé de Poèmes saturniens de Paul Verlaine, Essai et dossier réalisés par Arnaud Bernadet, Paris, Gallimard, coll. « foliothèque », 2007, 272 p. Arnaud Bernadet, L’Exil et l’utopie. Politiques de Verlaine, Saint-Étienne, Publications de l’Université de Saint-Étienne, 2007, 251 p. Jean-Christophe Cavallin, Verlaine et son mètre, suivi de La Règle du jeu, essai de Vincent Vivès, Verona, Edizioni Fiorini, coll. « La musa critica », 2007, 406 p.
260 ## - PUBLICATION, DISTRIBUTION, ETC.
Date of publication, distribution, etc. 2008.<br/>
500 ## - GENERAL NOTE
General note 7
786 0# - DATA SOURCE ENTRY
Note Romantisme | 140 | 2 | 2008-06-01 | p. 149k-165k | 0048-8593
856 41 - ELECTRONIC LOCATION AND ACCESS
Uniform Resource Identifier <a href="https://shs.cairn.info/revue-romantisme-2008-2-page-149k?lang=fr&redirect-ssocas=7080">https://shs.cairn.info/revue-romantisme-2008-2-page-149k?lang=fr&redirect-ssocas=7080</a>

Pas d'exemplaire disponible.

PLUDOC

PLUDOC est la plateforme unique et centralisée de gestion des bibliothèques physiques et numériques de Guinée administré par le CEDUST. Elle est la plus grande base de données de ressources documentaires pour les Étudiants, Enseignants chercheurs et Chercheurs de Guinée.

Adresse

627 919 101/664 919 101

25 boulevard du commerce
Kaloum, Conakry, Guinée

Réseaux sociaux

Powered by Netsen Group @ 2025